书目信息 |
| 题名: |
计算机新工具软件学习手册(二)
|
|
| 作者: | 陈继良 , 李雪生 主编 | |
| 分册: | ||
| 出版信息: | 成都 四川科学技术出版社 1997.09 |
|
| 页数: | 230页 | |
| 开本: | 16开 | |
| 丛书名: | ||
| 单 册: | ||
| 中图分类: | TP31-62 | |
| 科图分类: | ||
| 主题词: | 软件 | |
| 电子资源: | ||
| ISBN: | 7-5364-3635-1 | |
| 000 | 00645nam0 2200205 45 | |
| 001 | 0006190801 | |
| 005 | 20000619085031.8 | |
| 010 | @a7-5364-3635-1@d18.00元 | |
| 100 | @a20000619d1997 km y0chiy0120 ea | |
| 101 | 0 | @achi |
| 105 | @a z 000yy | |
| 200 | 1 | @a计算机新工具软件学习手册(二)@AJi Suan Ji Xin Gong Ju Ruan Jian Xue Xi Shou Ce(Er)@f陈继良,李雪生主编@FChen Ji Liang,Li Xue Sheng Zhu Bian |
| 210 | @a成都@c四川科学技术出版社@d1997.09 | |
| 215 | @a230页@d16开 | |
| 606 | 0 | @a软件 |
| 690 | @aTP31-62@v3 | |
| 701 | 0 | @a陈继良@4主编 |
| 701 | 0 | @a李雪生@4主编 |
| 801 | @aCN@bPftUser@c20000619 | |
| 905 | @b161467-476@dTP31-62@eCH451:2@f10 | |
| 计算机新工具软件学习手册(二)/陈继良,李雪生主编.-成都:四川科学技术出版社,1997.09 |
| 230页;16开 |
| ISBN 7-5364-3635-1:18.00元 |
| ● |
| 相关链接 |
|
|
|
正题名:计算机新工具软件学习手册(二)
索取号:TP31-62/CH451:2
 
预约/预借
| 序号 | 登录号 | 条形码 | 馆藏地/架位号 | 状态 | 备注 |
| 1 | 161467 | 201614672 | 自科二线504/504自科库 1排2列5层/ [索取号:TP31-62/CH451:2] | 在馆 | |
| 2 | 161468 | 201614681 | 自科二线504/504自科库 1排2列5层/ [索取号:TP31-62/CH451:2] | 在馆 | |
| 3 | 161469 | 201614690 | 自科库301/301自科库 46排7列4层/ [索取号:TP31-62/CH451:2] | 在馆 | |
| 4 | 161470 | 201614707 | 自科二线504/504自科库 1排2列5层/ [索取号:TP31-62/CH451:2] | 在馆 | |
| 5 | 161471 | 201614716 | 自科库301/301自科库 46排7列4层/ [索取号:TP31-62/CH451:2] | 在馆 | |
| 6 | 161472 | 201614725 | 自科二线504/504自科库 1排2列3层/ [索取号:TP31-62/CH451:2] | 在馆 | |
| 7 | 161473 | 201614734 | 自科二线504/504自科库 1排2列3层/ [索取号:TP31-62/CH451:2] | 在馆 | |
| 8 | 161474 | 201614743 | 自科二线504/504自科库 1排2列5层/ [索取号:TP31-62/CH451:2] | 在馆 | |
| 9 | 161475 | 201614752 | 自科二线404/404自科库 18排1列4层/ [索取号:TP31-62/CH451:2] | 在馆 | |
| 10 | 161476 | 201614761 | 自科二线504/504自科库 1排2列5层/ [索取号:TP31-62/CH451:2] | 在馆 |